Հայ հերոսի արշաւանքը : (Record no. 105730)
[ view plain ]
| 000 -LEADER | |
|---|---|
| fixed length control field | 01144nam a2200241 a 4500 |
| 001 - CONTROL NUMBER | |
| control field | 000288998 |
| 003 - CONTROL NUMBER IDENTIFIER | |
| control field | AM-YeHGA |
| 005 - DATE AND TIME OF LATEST TRANSACTION | |
| control field | 20250618071902.0 |
| 008 - FIXED-LENGTH DATA ELEMENTS--GENERAL INFORMATION | |
| fixed length control field | 031201s1909 tu |||||||||||||||1|arm|d |
| 040 ## - CATALOGING SOURCE | |
| Original cataloging agency | AM-YeHGA |
| 041 0# - LANGUAGE CODE | |
| Language code of text/sound track or separate title | arm |
| 090 ## - LOCALLY ASSIGNED LC-TYPE CALL NUMBER (OCLC); LOCAL CALL NUMBER (RLIN) | |
| -- | 107054 |
| 100 1# - MAIN ENTRY--PERSONAL NAME | |
| Personal name | Շահնազարյան, Օշին, |
| Dates associated with a name | 1875-1915 |
| 9 (RLIN) | 766 |
| 245 10 - TITLE STATEMENT | |
| Title | Հայ հերոսի արշաւանքը : |
| Remainder of title | Հայ յեղափոխական կեանքից / |
| Statement of responsibility, etc. | Աշուղ Շահնազար ; Առաջաբ.՝ Լ. Տօլստոյ. |
| 260 ## - PUBLICATION, DISTRIBUTION, ETC. | |
| Place of publication, distribution, etc. | Կ. Պոլիս : |
| Name of publisher, distributor, etc. | տպ. Ռ. Սագաեան, |
| -- | Վ. եւ Պ. Զարդարեան եղբայրներու հրատ., |
| Date of publication, distribution, etc. | 1909. |
| 300 ## - PHYSICAL DESCRIPTION | |
| Extent | 77 էջ ; |
| Dimensions | 20 սմ. |
| 440 #0 - SERIES STATEMENT/ADDED ENTRY--TITLE | |
| Title | Ազատ մատենաշար |
| Volume/sequential designation | թիւ 17 |
| 500 ## - GENERAL NOTE | |
| General note | Ձօն ազնուաշուք պ․ Աղեքսանդր Մանդաշեանի ազգային մեծ բարերարին։ |
| 650 14 - SUBJECT ADDED ENTRY--TOPICAL TERM | |
| Topical term or geographic name entry element | Հայ գրականություն |
| General subdivision | Պատմվածք |
| 700 1# - ADDED ENTRY--PERSONAL NAME | |
| Personal name | Տոլստոյ, Լև Նիկոլաևիչ, |
| Dates associated with a name | 1828-1910 |
| Relator term | առաջաբ. |
| Relationship | aui |
| 9 (RLIN) | 6686 |
| 856 41 - ELECTRONIC LOCATION AND ACCESS | |
| Uniform Resource Identifier | <a href="https://arar.sci.am/dlibra/publication/400691/edition/370814/content">https://arar.sci.am/dlibra/publication/400691/edition/370814/content</a> |
| Link text | Կարդալ առցանց |
| 942 ## - ADDED ENTRY ELEMENTS (KOHA) | |
| Source of classification or shelving scheme | Universal Decimal Classification |
| Koha item type | Գրքեր / Books |
| Withdrawn status | Lost status | Damaged status | Not for loan | Collection | Home library | Current library | Date acquired | Total checkouts | Full call number | Barcode | Date last seen | Price effective from | Koha item type | Public note |
|---|---|---|---|---|---|---|---|---|---|---|---|---|---|---|
| General | Fundamental Scientific Library | Fundamental Scientific Library | 22/12/2016 | AII/10162 | FL0016061 | 22/12/2016 | 22/12/2016 | Գրքեր / Books | 30 Days Loan |
ՀՀ Գիտությունների ազգային ակադեմիայի հիմնարար գիտական գրադարան = Fundamental Scientific Library of NAS RA
All site content, except where otherwise noted, is licensed under a